000 00884cam a22003134a 4500
001 15973816
005 20180124032259.0
008 091104s2011 nyua 001 0 eng
010 _a 2009046694
016 7 _a101518815
_2DNLM
020 _a9780073374543
020 _a0073374547
020 _a0077399978
020 _a9780077399979
020 _a0077406486
020 _a9780077406486
035 _a(OCoLC)ocn463631956
040 _aDNLM/DLC
_cDLC
_dNLM
_dC#P
_dDLC
041 _aeng
042 _apcc
080 _a610.7372069 BOO
082 0 0 _a610.7372069 BOO
_222
100 _a3
101 _aSHM
245 0 0 _aMedical assisting :
906 _a7
_bcbc
_corignew
_d1
_eecip
_f20
_gy-gencatlg
942 _2ddc
_cBK
999 _c40811
_d40811